| 000 | 003780000a22001450004500 | ||
|---|---|---|---|
| 001 | 001589 | ||
| 003 | MACL | ||
| 040 | _aMACL | ||
| 090 |
_c13582 _d13581 |
||
| 100 | _aTrgare, G.V | ||
| 245 |
_aAncient Indian Tradition & Mythology The SkandaP̜urana _bVol 65 Part XVII _cG.V Trgare |
||
| 260 |
_aMotilal Banarsidass Publishers, _c2002 |
||
| 650 | _aLiterature | ||
| 942 |
_k830 _cBook |
||
| 999 |
_c13509 _d13509 |
||